LEADER 01335nam--2200409---450- 001 990003618410203316 005 20120201090404.0 010 $a978-88-387-6551-0 035 $a000361841 035 $aUSA01000361841 035 $a(ALEPH)000361841USA01 035 $a000361841 100 $a20120201d2011----km-y0itay50------ba 101 $aita 102 $aIT 105 $a||||||||001yy 200 1 $aManuale pratico per l'ufficiale di stato civile$econ il nuovo Massimario del Ministro dell'Interno annotato$fDonato Berloco, Renzo Calvigioni 205 $aedizione 2011 agg. e ampl. 210 $aSantarcangelo di Romagna$cMaggioli$d2011 215 $a450 p.$d24 cm 225 2 $aProgetto ente locale$v213 410 0$12001$aProgetto ente locale$v, 213 454 1$12001 461 1$1001-------$12001 606 0 $aStranieri$xDiritti civili$xLegislazione$2BNCF 676 $a342.45083 700 1$aBERLOCO,$bDonato$0607817 701 1$aCALVIGIONI,$bRenzo$0542165 801 0$aIT$bsalbc$gISBD 912 $a990003618410203316 951 $aXXIV.3.L. 390$b70908 G.$cXXIV.3.L.$d00306034 959 $aBK 969 $aGIU 979 $aFIORELLA$b90$c20120201$lUSA01$h0855 979 $aFIORELLA$b90$c20120201$lUSA01$h0904 996 $aManuale pratico per l'ufficiale di stato civile$91126142 997 $aUNISA LEADER 01228nas 2200409- 450 001 996322750303316 005 20200607055853.2 035 $a(OCoLC)829410074 035 $a(CKB)2560000000107428 035 $a(CONSER)--2013202238 035 $a(DE-599)ZDB2746906-2 035 $a(EXLCZ)992560000000107428 100 $a20130308a20139999 --- a 101 0 $aeng 135 $aur||||||||||| 181 $ctxt$2rdacontent 182 $cc$2rdamedia 183 $acr$2rdacarrier 200 00$aJournal of health economics and outcomes research 210 1$aAnn Arbor, MI :$cA2 Publications,$d2013- 210 31$aNew York, NY :$cColumbia Data Analytics, LLC 215 $a1 online resource 300 $aRefereed/Peer-reviewed 311 $a2327-2236 517 3 $aJHEOR 531 0 $aJ. health econ. outcomes res. 606 $aEconomics, Medical 606 $aTechnology Assessment, Biomedical 608 $aPeriodicals.$2fast 608 $aPeriodical. 615 12$aEconomics, Medical. 615 22$aTechnology Assessment, Biomedical. 676 $a338.4761 906 $aJOURNAL 912 $a996322750303316 996 $aJournal of health economics and outcomes research$91944369 997 $aUNISA